Central Library || Chittagong University

The English utilitarians.// (Record no. 110212)

MARC details
000 -LEADER
fixed length control field 00450nam a22001697a 4500
003 - CONTROL NUMBER IDENTIFIER
control field BD-ChCU
005 - DATE AND TIME OF LATEST TRANSACTION
control field 20251208103542.0
008 - FIXED-LENGTH DATA ELEMENTS--GENERAL INFORMATION
fixed length control field 251208b bg ||||| |||| 00| 0 ben d
040 ## - CATALOGING SOURCE
Transcribing agency BD-ChCU
082 ## - DEWEY DECIMAL CLASSIFICATION NUMBER
Classification number 144.6 STE
100 ## - MAIN ENTRY--PERSONAL NAME
Personal name Stephen, Leslie.
9 (RLIN) 17655
245 ## - TITLE STATEMENT
Title The English utilitarians.//
Statement of responsibility, etc. Leslie Stephen.
260 ## - PUBLICATION, DISTRIBUTION, ETC.
Place of publication, distribution, etc. London
Name of publisher, distributor, etc. S. of E. & P S.
Date of publication, distribution, etc. 1950
300 ## - PHYSICAL DESCRIPTION
Extent Vol.1
650 #0 - SUBJECT ADDED ENTRY--TOPICAL TERM
Topical term or geographic name entry element Philosophy - English.
9 (RLIN) 17656
942 ## - ADDED ENTRY ELEMENTS (KOHA)
Source of classification or shelving scheme Dewey Decimal Classification
Koha item type Books
Suppress in OPAC No
Holdings
Withdrawn status Lost status Source of classification or shelving scheme Damaged status Not for loan Home library Current library Shelving location Date acquired Source of acquisition Total Checkouts Full call number Barcode Date last seen Price effective from Koha item type Public note
    Dewey Decimal Classification     Chittagong University Library Chittagong University Library Arts and Humanities Reading Room 12/08/2025 Purchase   144.6 STE/V.1 14719 12/08/2025 12/08/2025 Books V : 1
© Copyright 2025. Chittagong University Library, Installation and Maintenance by Prof. Dr. Md. Alamgir, 01711306253